| 000 | 00417nam a22001337a 4500 | ||
|---|---|---|---|
| 040 | _cNUST | ||
| 082 | _a200 THE | ||
| 100 |
_aHafiz Muhammad Saad _9106781 |
||
| 110 |
_aSupervisor Dr Muhammad Nasir Bashir _9106782 |
||
| 245 | _aTH-SOF-2119-Effects of Cobalt Nanoparticle on Reliability of Tin-Bismuth Solder Joint | ||
| 260 |
_aISLAMABAD: _bNUST COLLEGE OF EME, _c2022. |
||
| 650 | _aMS-MECH-19 | ||
| 942 |
_2ddc _cTHE |
||
| 999 |
_c592916 _d592916 |
||